Normal view
MARC view
- Engineering Managment PhD Thesis.
Entry Topical Term
001 - CONTROL NUMBER
- control field: 18464
003 - CONTROL NUMBER IDENTIFIER
- control field: NUST
005 - DATE AND TIME OF LATEST TRANSACTION
- control field: 20190725044835.0
008 - FIXED-LENGTH DATA ELEMENTS
- fixed length control field: 190725|| aca||aabn | a|a d
040 ## - CATALOGING SOURCE
- Original cataloging agency: NUST
- Transcribing agency: NUST
150 ## - HEADING--TOPICAL TERM
- Topical term or geographic name entry element: Engineering Managment PhD Thesis.
670 ## - SOURCE DATA FOUND
- Source citation: Work cat.: (NUST): Rashid, Asif 18463, ENTERPRISE SYSTEM (ES) CRITICAL SUCCESS FACTORS (CSF).ACROSS LIFECYCLE, IN AIRCRAFT INDUSTRY FOR PRODUCTION EXCELLENCE /, 2016.
